000
00210nam a2200085Ia 4500
008
120527s9999 xx 000 0 und d
100
_a
Simmer & Kelly
245
_a
Challenge of facts and other essays
942
_c
BK
999
_c
27768
_d
27768